000 00529nam a2200181Ia 4500
008 100917s9999 xx 000 0 und d
082 _b1581
100 _aदेशपांडे पांडुरंग हरि
245 _aगोविंद गुण गौरव
260 _b---
_c1941
300 _a92
365 _b0
520 _aनिबंध
630 _aगोविंद गुण गौरव
650 _aनिबंध
730 _aगोविंद गुण गौरव
942 _cBOOK
999 _c606975
_d606972